00427 2200157 4500001002100000005001500021035002000036007000300056008004100059082000800100084001200108245004600120260005800166300001900224700002600243INLIS00000000000282920260330030246 a0010-0326000023ta260330 b 0 ind  a813 a813 MAL aMalam Tahun Baru Salsa yang Seru /cSalsa aJakarta :bPerpustakaan Asik SDN Rawa Buaya 07,c2026 a10 hlm :bilus0 aHarun Al Rasyid, S.Pd